| 000 | 00501nam a2200181Ia 4500 | ||
|---|---|---|---|
| 003 | OSt | ||
| 005 | 20260128154207.0 | ||
| 008 | 210210b1930 xxu||||| |||| 00| 0 eng d | ||
| 040 | _cAL | ||
| 041 | _aKannada | ||
| 082 | _a853/492 | ||
| 100 |
_aSHRINIVASAMURTI (M R) _9162021 _dಶ್ರೀನಿವಾಸಮೂರ್ತಿ (ಎಂ ಆರ್). |
||
| 245 |
_aNagarika: _bನಾಗರಿಕ |
||
| 260 |
_aBengaluru _b- _c1930 |
||
| 690 |
_aKannada Drama _9162022 |
||
| 906 | _a019766 | ||
| 942 |
_2ddc _cBK |
||
| 999 |
_c143908 _d143908 |
||